Alle Gerichte von Berlin und Brandenburg - Statistiken

Allgemein
  • Dieses Quiz wurde 33 mal gespielt
  • Das Durchschnittsergebnis liegt bei 38 aus 62
Antwortstatistiken
Gerichtsbezeichnung Standort % Korrekt
Verfassungsgerichtshof des Landes Berlin Berlin
96%
Kammergericht Berlin
96%
Landesarbeitsgericht Berlin-Brandenburg Berlin
96%
Arbeitsgericht Berlin
96%
Sozialgericht Berlin
96%
Oberverwaltungsgericht Berlin-Brandenburg Berlin
96%
Verwaltungsgericht Berlin
96%
Verfassungsgericht des Landes Brandenburg Potsdam
96%
Landgericht Potsdam
96%
Amtsgericht Potsdam
96%
Landessozialgericht Berlin-Brandenburg Potsdam
96%
Sozialgericht Potsdam
96%
Verwaltungsgericht Potsdam
96%
Landgericht Cottbus
92%
Amtsgericht Cottbus
92%
Arbeitsgericht Cottbus
92%
Finanzgericht Berlin-Brandenburg Cottbus
92%
Sozialgericht Cottbus
92%
Verwaltungsgericht Cottbus
92%
Brandenburgisches Oberlandesgericht Brandenburg
88%
Amtsgericht Brandenburg
88%
Arbeitsgericht Brandenburg
88%
Landgericht Frankfurt
88%
Amtsgericht Frankfurt
88%
Arbeitsgericht Frankfurt
88%
Sozialgericht Frankfurt
88%
Verwaltungsgericht Frankfurt
88%
Amtsgericht Oranienburg
75%
Amtsgericht Bernau
58%
Amtsgericht Eberswalde
58%
Amtsgericht Fürstenwalde
58%
Amtsgericht Königs Wusterhausen
54%
Landgericht Neuruppin
54%
Amtsgericht Neuruppin
54%
Arbeitsgericht Neuruppin
54%
Sozialgericht Neuruppin
54%
Amtsgericht Schwedt
54%
Amtsgericht Lübben
46%
Amtsgericht Prenzlau
46%
Amtsgericht Charlottenburg
38%
Amtsgericht Rathenow
38%
Amtsgericht Spandau
38%
Amtsgericht Luckenwalde
33%
Amtsgericht Mitte
33%
Amtsgericht Pankow
33%
Amtsgericht Perleberg
33%
Amtsgericht Schöneberg
33%
Amtsgericht Strausberg
33%
Amtsgericht Wedding
33%
Amtsgericht Köpenick
29%
Amtsgericht Lichtenberg
29%
Amtsgericht Nauen
29%
Amtsgericht Neukölln
29%
Amtsgericht Senftenberg
29%
Amtsgericht Tiergarten
29%
Amtsgericht Kreuzberg
25%
Amtsgericht Zossen
25%
Amtsgericht Zehdenick
21%
Amtsgericht Bad Freienwalde
17%
Amtsgericht Bad Liebenwerda
13%
Landgericht Berlin I
8%
Landgericht Berlin II
8%
Keine übereinstimmenden Quizze gefunden
Verteilung der Resultate
Anzahl Personen mit jedem Resultat
Perzentil nach korrekt beantworteten Fragen
Ihre Resultats-Entwicklung
Sie haben dieses Quiz noch nicht gespielt